Presidential Mistakes Quiz Stats

Quiz Updated Jan 1, 2016

Challenge
Share
Tweet
Embed
Score 0/20 Timer 04:00
5 Plays Today
Thing President % Correct
Watergate coverupRichard Nixon
99.3%
Operation Iraqi FreedomGeorge W. Bush
89.9%
Executive Order 9066 (Japanese internment)Franklin Roosevelt
87.9%
Bay of Pigs invasionJohn F. Kennedy
86.6%
The Monica Lewinsky scandalBill Clinton
85.6%
'If you like your healthcare plan, you can keep it'Barack Obama
85.5%
'Read my lips. No new taxes.'George H.W. Bush
83.7%
Iran-ContraRonald Reagan
78.3%
Handling of Vietnam WarLyndon B. Johnson
70.4%
War of 1812James Madison
58.9%
Thing President % Correct
'There is no Soviet domination of Eastern Europe'Gerald Ford
58.3%
U-2 incident coverupDwight D. Eisenhower
51.5%
Indian Removal ActAndrew Jackson
51%
Everything from 1857-1861James Buchanan
49.1%
Alien & Sedition ActsJohn Adams
44.6%
Appointed Albert Fall (Teapot Dome)Warren G. Harding
40.1%
'Malaise' speechJimmy Carter
31.4%
Embargo ActThomas Jefferson
26.9%
Re-segregation of militaryWoodrow Wilson
26.4%
Kansas-Nebraska ActFranklin Pierce
26.4%

You're not logged in!

Compare scores with friends on all Sporcle quizzes.
Join for Free
OR
Log In

You Might Also Like...

Show Comments

Extras

Top Quizzes Today


Score Distribution

Your Account Isn't Verified!

In order to create a playlist on Sporcle, you need to verify the email address you used during registration. Go to your Sporcle Settings to finish the process.

Report this User

Report this user for behavior that violates our Community Guidelines.

Details: